000 00790nam a2200265Ia 4500
003 OSt
005 20220926030311.0
006 a|||||r|||| 00| 0
007 ta
008 220923b |||||||| |||| 00| 0 eng d
037 _cGeneral Book
040 _aRTL
_cRTL
_beng
041 _2eng
_aeng
082 _aX:9, M3
100 _aGlueck William F.
245 0 _aCases and exercises in personnel/human resources m
250 _a3rd
260 _aPlano
_bBusiness Publications
_c1983
300 _axviii, 374p. Bibliography p.364-72
_ccm.
650 _a Personnel Management
_929105
650 _aLabour Economics
_921364
700 _a Stevens George E.
_9334009
942 _hX:9, M3
_cGB
_2CC
999 _c649235
_d649235